000 00252nam a2200097Ia 4500
001 997974
005 20250826221534.0
008 250824s9999 xx 000 0 und d
245 0 _aKRAL KAYBEDERSE
_cGÜLSEREN BUDAYICIOĞLU
260 _bREMZİ KİTABEVİ
999 _c997974
_d997974